000 00762pam a2200229 a 4500
001 4415566
005 20180301072359.0
008 930628s1994 mauab b 000 0 eng
010 _a 93027953
020 _a0838448380
040 _aDLC
_cDLC
_dDLC
041 _aeng
080 _a428.34 PAN
082 0 0 _a428.34 PAN
_220
100 1 _a25
101 _aEDU
245 1 0 _aIntermediate listening comprehension :
_cPatricia Dunkel, Phyllis L. Lim.
504 _aIncludes bibliographical references (p. viii).
906 _a7
_bcbc
_corignew
_d1
_eocip
_f19
_gy-gencatlg
942 _2ddc
_cBK
999 _c43833
_d43833